Friedmanova interpretácia Phillipsovej krivky
Phillipsova krivka vyjadruje vzťah medzi nezamestnanosťou a infláciou. Prvýkrát sa objavila v pionierskej štúdii novozélandského ekonóma A. W. Phillipsa, ktorý v roku 1958 zverejnil výsledky svojho výskumu o vzťahu nezamestnanosti a nominálnych miezd v Spojenom kráľovstve za takmer storočné obdobie...
Salvato in:
| Autore principale: | |
|---|---|
| Natura: | Capitolo di libro |
| Lingua: | slovacco |
| Soggetti: | |
| Tags: |
Nessun Tag, puoi essere il primo ad aggiungerne!!
|
MARC
| LEADER | 00000naa$a2200000$$$4500 | ||
|---|---|---|---|
| 001 | 0254593 | ||
| 005 | 20240502074053.6 | ||
| 041 | 0 | |a slo | |
| 044 | |a SK | ||
| 245 | 1 | 0 | |a Friedmanova interpretácia Phillipsovej krivky |c Vladimír Gonda |
| 520 | |a Phillipsova krivka vyjadruje vzťah medzi nezamestnanosťou a infláciou. Prvýkrát sa objavila v pionierskej štúdii novozélandského ekonóma A. W. Phillipsa, ktorý v roku 1958 zverejnil výsledky svojho výskumu o vzťahu nezamestnanosti a nominálnych miezd v Spojenom kráľovstve za takmer storočné obdobie (1861-1957). Podľa Phillipsa medzi nominálnymi mzdami a mierou nezamestnanosti existuje inverzný vzťah. Friedman prišiel s novou interpretáciou Phillipsovej krivky, do ktorej zapracoval prirodzenú mieru nezamestnanosti a inflačné očakávania. Pripúšťa, že vláda svojou hospodárskou politikou môže krátkodobo dosiahnuť zníženie nezamestnanosti, avšak za cenu vyššej inflácie. | ||
| 610 | 2 | 0 | |a nezamestnanosť |
| 610 | 2 | 0 | |a inflácia |
| 610 | 2 | 0 | |a mzdy nominálne |
| 610 | 2 | 0 | |a trh práce |
| 610 | 2 | 0 | |a politika hospodárska |
| 100 | 1 | |a Gonda, Vladimír | |